| 000 | 01117nam a2200277 a 4500 | ||
|---|---|---|---|
| 001 | ocn797631646 | ||
| 003 | OCoLC | ||
| 005 | 20161005075108.0 | ||
| 008 | 161005s1968 sw ad fr 001 0 eng d | ||
| 040 |
_aCo-BoUCM _bspa _cEdgar Pinilla _dEdgar Pinilla |
||
| 041 | 0 | _aeng | |
| 100 | 1 |
_aAdler-Karlsson, Gunnar _980796 |
|
| 245 | 1 | 0 |
_aWestern economic warfare _b1947-1967 : a case study in foreign economic policy _cby Gunnar Adler-Karlsson ; with a foreword by Gunnar Myrdal |
| 260 |
_aEstocolmo (Suecia) _bAlmqvist & Wiksell _c1968 |
||
| 300 |
_axv, 319 páginas _bilustraciones, gráficas |
||
| 490 | 0 |
_aActa universitatis Stockholmiensis. Stockholm economic studies. New series _v9 |
|
| 504 | _aIncluye referencias bibliográficas e índices | ||
| 650 | 0 | 4 |
_aPolítica económica _y1947-1967 _980797 |
| 650 | 0 | 4 |
_aGlobalización _xAspectos económicos _933475 |
| 650 | 0 | 4 |
_aEconomía internacional _97543 |
| 650 | 0 | 4 |
_aEmbargo _y1947-1967 _980798 |
| 690 | 0 |
_aEconomía _9174 |
|
| 700 | 1 |
_aMyrdal, Gunnar _eeditor _980801 |
|
| 942 |
_2DEWEY _cLIBRO _a7 _e1 _h338.9 _mA237 |
||
| 999 |
_c304575 _d304575 |
||